000 00586nam a2200205Ia 4500
008 220204s9999 xx 000 0 und d
020 _a0792362411
082 _a577.2:630*
_bJAI.2
100 _aJain, S Mohan
245 0 _aMolecular biology of woody plants V.2
260 _aLondon
_bKluwer Academic Publishers
_c2000
490 _aForestry Sciences V.66
650 _aCrop improvement
650 _aGene transfer
650 _aHevea-Genetic transformation
650 _aMolecular silviculture
650 _aRecombinant protein
700 _aMinocha, Subash C
942 _cBK
999 _c41969
_d41969